Air conditioning refrigerating data book. (Record no. 545916)

000 -LEADER
fixed length control field 00590nam a2200157 4500
082 00 - DEWEY DECIMAL CLASSIFICATION NUMBER
Classification number 621.56
Author Mark REE
-- L-8, P-10
245 00 - TITLE STATEMENT
Title Air conditioning refrigerating data book.
260 ## - PUBLICATION, DISTRIBUTION, ETC.
Place of publication, distribution, etc. [New York]
Name of publisher, distributor, etc. American Society of Refrigerating Engineers,
Date of publication, distribution, etc. 1959- [c1958-]
300 ## - PHYSICAL DESCRIPTION
Extent v.
Other physical details illus., diagrs.
Dimensions 29 cm.
505 1# - FORMATTED CONTENTS NOTE
Formatted contents note v. 1. Refrigeration applications.
526 ## - STUDY PROGRAM INFORMATION NOTE
Program name 0
Interest level 0
Reading level 0
Title point value 621_560000000000000_REE
650 #0 - SUBJECT ADDED ENTRY--TOPICAL TERM
Topical term or geographic name entry element Air conditioning.
9 (RLIN) 19032
650 #0 - SUBJECT ADDED ENTRY--TOPICAL TERM
Topical term or geographic name entry element Refrigeration and refrigerating machinery.
9 (RLIN) 19031
710 2# - ADDED ENTRY--CORPORATE NAME
Corporate name or jurisdiction name as entry element American Society of Refrigerating Engineers.
9 (RLIN) 41896
942 ## - ADDED ENTRY ELEMENTS (KOHA)
Source of classification or shelving scheme
Koha item type Book
Holdings
Withdrawn status Lost status Source of classification or shelving scheme Damaged status Not for loan Permanent Location Current Location Date acquired Total Checkouts Full call number Barcode Date last seen Price effective from Koha item type
          Military College of Engineering (MCE) Military College of Engineering (MCE) 05/30/2014   621.56 REE MCE-40636 05/30/2014 05/30/2014 Book
© 2023 Central Library, National University of Sciences and Technology. All Rights Reserved.